000 01452cam a2200337 a 4500
001 3226
003 FISKH
005 20240220153013.0
008 110808t20112012gauab j b 001 0 eng
010 _a 2011031738
020 _a9781561456277 (hc)
020 _a9780545561723
040 _aDLC
_cDLC
_dDLC
_beng
042 _apcc
043 _an-us-al
050 0 0 _aF334.B69
_bN4476 2011
082 0 0 _a323.1196/0730761781
_223
100 1 _aLevinson, Cynthia.
245 1 0 _aWe've got a job :
_bthe 1963 Birmingham Children's March /
_cwritten by Cynthia Levinson.
250 _aFirst Scholastic printing, February 2013
260 _aNew York :
_bScholastic,
_c2012
300 _a176 pages :
_b illustrations ; map ;
_c22 cm
504 _aIncludes bibliographical references (p. 170-171) and index.
520 _aDiscusses the events of the 4,000 African American students who marched to jail to secure their freedom in May 1963.
650 0 _aAfrican Americans
_xCivil rights
_zAlabama
_zBirmingham
_xHistory
_y20th century
_vJuvenile literature.
650 0 _aCivil rights movements
_zAlabama
_zBirmingham
_xHistory
_y20th century
_vJuvenile literature.
650 0 _aAfrican American students
_zAlabama
_zBirmingham
_xHistory
_y20th century
_vJuvenile literature.
650 0 _aAfrican American youth
_zAlabama
_zBirmingham
_xHistory
_y20th century
_vJuvenile literature.
906 _a7
_bcbc
_corignew
_d1
_eecip
_f20
_gy-gencatlg
942 _2ddc
_cBK
_n0
999 _c3226
_d3226